<?xml version="1.0" encoding="UTF-8"?>
<collection xmlns="http://www.loc.gov/MARC21/slim">
  <record>
    <leader>00000nam  2200000   4500</leader>
    <controlfield tag="001">INLIS000000000000263</controlfield>
    <controlfield tag="005">20180724134342</controlfield>
    <controlfield tag="008">180724|||||||||   |   |||   |||| ||   | </controlfield>
    <datafield tag="035" ind1=" " ind2=" ">
      <subfield code="0">010-0718000263</subfield>
    </datafield>
    <datafield tag="041" ind1=" " ind2=" ">
      <subfield code="a">id</subfield>
    </datafield>
    <datafield tag="082" ind1=" " ind2=" ">
      <subfield code="a">013</subfield>
    </datafield>
    <datafield tag="090" ind1=" " ind2=" ">
      <subfield code="a">R 013 PIM I  2013</subfield>
    </datafield>
    <datafield tag="100" ind1=" " ind2=" ">
      <subfield code="a">Sukriyanto, Eko</subfield>
    </datafield>
    <datafield tag="245" ind1=" " ind2=" ">
      <subfield code="a">Peningkatan pelayanan pengaduan masyarakat melalui teknologi informasi guna mewujudkan birokrasi yang bersih pada bidang propam Polda Sumsel.</subfield>
    </datafield>
    <datafield tag="260" ind1=" " ind2=" ">
      <subfield code="a">Jakarta</subfield>
      <subfield code="b">Lembaga Administrasi Negara</subfield>
      <subfield code="c">2013</subfield>
    </datafield>
    <datafield tag="300" ind1=" " ind2=" ">
      <subfield code="a">18 hlm.; 30 cm.</subfield>
    </datafield>
    <datafield tag="500" ind1=" " ind2=" ">
      <subfield code="a">Dalam rangka menjabarkan dan menindaklanjuti tahap tersebut diatas, Polda Sumatera Selatan khususnya Bidang Profesi dan Pengamanan yang merupakan salah satu bagian dari organisasi Polri yang bertugas melakukan pengawasan terhadap kinerja angota Polri yang memiliki semboyan “Sebagai garda terdepan dalam menjaga institusi Polri dan benteng terakhir dalam pencitraan dilingkungan Polri” memiliki komitmen moral dalam mensukseskan dan menerapkan reformasi tersebut kedalam sendi-sendi organisasi.</subfield>
    </datafield>
    <datafield tag="650" ind1=" " ind2=" ">
      <subfield code="a">Pelayanan - Pengaduan Masyarakat -- Proyek Perubahan PIM1</subfield>
    </datafield>
  </record>
</collection>
